000 00294nam a2200121Ia 4500
005 20251222144905.0
008 251222s9999||||xx |||||||||||||| ||spa||
082 _a236.02/A34
100 _aAlastruey, Gregorio
245 0 _aTratado de la Virgen Santísima
264 _bCatólica
942 _cLIB
999 _c22132
_d22132